000 00670cam a2200217 a 4500
020 _a0803927665
020 _a0803927673 (pbk.)
040 _cDLC
082 0 0 _a302 SAG 1988 A012 Or.
245 0 4 _aThe Social psychology of time :
_bnew perspectives /
260 _aNewbury Park, Calif. :
_bSage Publications,
_cc1988.
300 _a271 p. ;
_c23 cm.
490 0 _aSage focus editions ;
650 0 _aTime
650 0 _aTime
650 0 _aTime perception.
700 1 _aMcGrath, Joseph Edward,
856 4 2 _uhttp://www.loc.gov/catdir/enhancements/fy0654/87037700-d.html
856 4 1 _uhttp://www.loc.gov/catdir/enhancements/fy0654/87037700-t.html
942 _cEK
999 _c13928
_d13928